000 01280nam a2200361Ia 4500
001 Para_697
003 CHAP
008 220125s1992 xx 000 0 und d
010 _a198847
040 _cCHAP
090 _aPA TESIS 705
100 _aHernández Ruiz, René
_954581
245 _aIdentificación y cuantificación de patógenos asociados a la semilla de trigo (Triticum saetivum L.) asperjado con fungicidas en campo en Juchitepec, México /
_c por René Hernández Ruíz
260 _aChapingo, Méx. :
_b el autor
300 _a42 h.
502 _aTesis (Ing. Agr. Esp. en Parasitología Agrícola) -- UACh. Departamento Parasitología Agrícola
650 _aFungicidas
_944044
650 _aFusarium avenaceaum
_9164156
650 _aFusarium equiseti
_944087
650 _aFusarium graminearum
_944088
650 _aHelminthosporium spiciferum
_953471
650 _aSemillas
_x enfermedades
_9103898
650 _aTrigo
_x semilla
_9115097
650 _aTrigo
_x siembra
_9115102
710 _aUACh. Departamento Parasitología Agrícola
_9164025
901 _aPA TESIS 705
902 _aA
905 _a0000001992 a 0000000000 00
910 _a1992
942 _cPARA
942 _cPARA
_d1
999 _c198847
_d198847